[Event "Veletrzni turnaj 2020"]
[Site "?"]
[Date "2020.08.23"]
[Round "1.1"]
[White "Vavrinkova, Anna"]
[Black "Vyskocil, Neklan"]
[Result "0-1"]
[WhiteElo "1657"]
[BlackElo "2294"]
[PlyCount "64"]
[EventDate "2020.??.??"]
[SourceDate "2020.08.23"]

1. e4 c5 2. c3 Nf6 3. d3 Nc6 4. Nf3 e5 5. Be2 d5 6. exd5 Qxd5 7. O-O Bf5 8. Qb3
O-O-O 9. Rd1 Be7 10. Qxd5 Rxd5 11. Ng5 Rf8 12. f3 Bg6 13. Ne4 Rfd8 14. Nf2 R5d7
15. Na3 Nd5 16. Kh1 f5 17. Nc2 a6 18. a4 Na5 19. Ne3 Nb3 20. Nxd5 Rxd5 21. Ra2
c4 22. Be3 f4 23. Bb6 cxd3 24. Rxd3 Rxd3 25. Bxd3 Rxd3 26. Nxd3 Bxd3 27. a5 Kd7
28. Ra4 Kc6 29. c4 Bc5 30. Bxc5 Kxc5 31. Kg1 Bxc4 32. Kf2 Kb5 0-1

[Event "Veletrzni turnaj 2020"]
[Site "?"]
[Date "2020.08.23"]
[Round "1.2"]
[White "Pokorny, Petr"]
[Black "Zikan, Karel"]
[Result "1-0"]
[WhiteElo "2215"]
[BlackElo "1646"]
[PlyCount "87"]
[EventDate "2020.??.??"]
[SourceDate "2020.08.23"]

1. d4 Nf6 2. c4 e6 3. Nf3 b6 4. g3 Ba6 5. b3 Bb4+ 6. Bd2 Qe7 7. Bg2 Bb7 8. O-O
O-O 9. Bf4 Bd6 10. Bxd6 Qxd6 11. Nc3 Qe7 12. Qc2 d5 13. Ne5 c6 14. e4 Rd8 15.
Rad1 Na6 16. Rfe1 Rac8 17. Qb2 Nc7 18. b4 Nd7 19. exd5 cxd5 20. f4 g6 21. c5
Nxe5 22. fxe5 bxc5 23. bxc5 Bc6 24. Rb1 Qe8 25. Bf1 Rb8 26. Qa3 Ra8 27. Nd1
Rdb8 28. Nf2 Rxb1 29. Rxb1 Rb8 30. Ng4 Qc8 31. Rb3 Rxb3 32. Qxb3 Qb7 33. Qe3 h5
34. Nf6+ Kg7 35. Qg5 Kf8 36. Qh6+ Ke7 37. Nh7 Qb8 38. Qg5+ Ke8 39. Qf6 Qd8 40.
Qf4 Qe7 41. Qd2 Kd8 42. Qa5 Kd7 43. Nf6+ Kd8 44. Qxa7 1-0

[Event "Veletrzni turnaj 2020"]
[Site "?"]
[Date "2020.08.23"]
[Round "1.3"]
[White "Tajovsky, Simon"]
[Black "Barak, David"]
[Result "0-1"]
[WhiteElo "1624"]
[BlackElo "2098"]
[PlyCount "62"]
[EventDate "2020.??.??"]
[SourceDate "2020.08.23"]

1. d4 Nf6 2. c4 c5 3. d5 b5 4. cxb5 a6 5. b6 e6 6. Nc3 Qxb6 7. e4 d6 8. f4 g6
9. Bc4 Bg7 10. Nf3 exd5 11. Nxd5 Nxd5 12. Qxd5 Ra7 13. O-O Be6 14. Qd3 Bxc4 15.
Qxc4 O-O 16. Kh1 Re8 17. Rb1 Rae7 18. Re1 Qc6 19. e5 dxe5 20. fxe5 Nd7 21. b4
Bxe5 22. Bg5 Bf6 23. Bxf6 Rxe1+ 24. Rxe1 Rxe1+ 25. Nxe1 Qxf6 26. bxc5 Qa1 27.
Qb4 Nxc5 28. Qxc5 Qxe1+ 29. Qg1 Qxg1+ 30. Kxg1 f5 31. Kf2 Kf7 0-1

[Event "Veletrzni turnaj 2020"]
[Site "?"]
[Date "2020.08.23"]
[Round "1.4"]
[White "Meszaros, Ludek"]
[Black "Doskar, Miloslav"]
[Result "1-0"]
[WhiteElo "2067"]
[BlackElo "1602"]
[PlyCount "55"]
[EventDate "2020.08.23"]
[SourceDate "2020.08.23"]

1. d4 d5 2. Nf3 Nf6 3. c4 c6 4. Nc3 e6 5. Bg5 Be7 6. e3 Nbd7 7. Bd3 h6 8. Bh4
O-O 9. O-O Re8 10. Qe2 c5 11. Rfd1 cxd4 12. exd4 b6 13. cxd5 Nxd5 14. Nxd5 exd5
15. Re1 Kf8 16. Bxe7+ Rxe7 17. Qd2 Nf6 18. Ne5 Qd6 19. Qf4 Qc7 20. Rac1 Qb7 21.
Bb5 Bd7 22. Bxd7 Rxd7 23. Nxd7+ Qxd7 24. Rc7 Qa4 25. Qd6+ Kg8 26. Qe7 Rf8 27.
b3 Qxd4 28. Qxf8+ 1-0

[Event "Veletrzni turnaj 2020"]
[Site "?"]
[Date "2020.08.23"]
[Round "1.5"]
[White "Nisztuk, Michal"]
[Black "Simbera, Jiri"]
[Result "0-1"]
[WhiteElo "1597"]
[BlackElo "2038"]
[PlyCount "64"]
[EventDate "2020.??.??"]
[SourceDate "2020.08.23"]

1. e4 c6 2. d4 d5 3. exd5 cxd5 4. c4 Nf6 5. cxd5 Nxd5 6. Nc3 e6 7. Nf3 Be7 8.
Bd3 Nc6 9. O-O Bf6 10. Re1 O-O 11. Be3 g6 12. Qd2 b6 13. Ne4 Bg7 14. Bh6 Bb7
15. Bxg7 Kxg7 16. Rac1 Rc8 17. Neg5 Nc7 18. Be4 Nd5 19. h4 h6 20. Nh3 Nf6 21.
Bb1 Ne7 22. Ne5 Rxc1 23. Rxc1 Nf5 24. Bxf5 exf5 25. Nf4 Nd5 26. Nexg6 Re8 27.
Ne5 Nf6 28. Qc2 Qxd4 29. Ned3 Rc8 30. Qd2 Ne4 31. Nh5+ Kh7 32. Nhf4 Nxd2 0-1

[Event "Veletrzni turnaj 2020"]
[Site "?"]
[Date "2020.08.23"]
[Round "1.6"]
[White "Glozar, Petr"]
[Black "Kacalek, Tomas"]
[Result "1-0"]
[WhiteElo "2010"]
[BlackElo "1589"]
[PlyCount "87"]
[EventDate "2020.??.??"]
[SourceDate "2020.08.23"]

1. e4 e5 2. Nf3 Nc6 3. Bb5 a6 4. Ba4 Nf6 5. d3 d6 6. O-O Be7 7. c4 Bd7 8. Nc3
O-O 9. h3 Rb8 10. Be3 Qe8 11. Kh1 Nd8 12. Bxd7 Qxd7 13. a4 h6 14. d4 exd4 15.
Nxd4 Ne6 16. Nf5 Kh7 17. Qd3 Ng8 18. Nd5 Bd8 19. f4 g6 20. Nd4 Nc5 21. Qc2 c6
22. Nc3 Qe8 23. b4 Nd7 24. Rad1 Rc8 25. Bc1 Bf6 26. Nde2 Be7 27. Ba3 Ndf6 28.
Qd3 Rd8 29. Qe3 Rd7 30. g4 Qd8 31. Ng3 Ne8 32. Rd3 Nc7 33. Rfd1 Re8 34. e5 Bf8
35. Qf3 Ne6 36. Nge4 Qh4 37. Nxd6 Bxd6 38. Rxd6 Rxd6 39. exd6 Nxf4 40. Qxf4
Re1+ 41. Kg2 Rxd1 42. Qxf7+ Kh8 43. Nxd1 Qe1 44. Bb2+ 1-0

[Event "Veletrzni turnaj 2020"]
[Site "?"]
[Date "2020.08.23"]
[Round "1.7"]
[White "Hradek, Matyas"]
[Black "Pokladnik, Martin"]
[Result "1-0"]
[WhiteElo "1578"]
[BlackElo "2001"]
[PlyCount "137"]
[EventDate "2020.??.??"]
[SourceDate "2020.08.23"]

1. e4 d6 2. d4 Nf6 3. Nc3 g6 4. f4 Bg7 5. Nf3 c5 6. d5 O-O 7. Be2 b5 8. e5 Nfd7
9. Bxb5 dxe5 10. fxe5 Nxe5 11. O-O Qb6 12. Kh1 Nxf3 13. Qxf3 Bxc3 14. d6 Bf6
15. dxe7 Bxe7 16. Bh6 f6 17. Bc4+ Kh8 18. Bxf8 Bxf8 19. Bd5 Nc6 20. Bxc6 Rb8
21. Rad1 Bf5 22. b3 Bxc2 23. Rd2 Bf5 24. Rfd1 Bg7 25. Bd7 Bxd7 26. Rxd7 f5 27.
Qd5 Rf8 28. Rb7 Qa5 29. Qd7 Qc3 30. Rxa7 f4 31. Qd3 Qb2 32. Qd2 Qe5 33. Rd7 Bf6
34. Qd6 Qxd6 35. R7xd6 Bc3 36. Rc6 Re8 37. h3 Bd4 38. h4 h5 39. Kh2 Bf2 40.
Rxg6 Bxh4 41. Rh6+ Kg8 42. Rxh5 Bg3+ 43. Kh3 Bf2 44. Rd3 Kg7 45. Kg4 Be3 46.
Kf3 Kg6 47. Rh1 Ra8 48. Ra1 Bd4 49. Rxd4 cxd4 50. Kxf4 Re8 51. Rd1 Re2 52. a4
Rb2 53. Rd3 Rxg2 54. Rxd4 Kf6 55. Ke4 Ke6 56. Kd3 Ke5 57. Rc4 Rg3+ 58. Kc2 Kd5
59. a5 Rg7 60. Kc3 Rb7 61. b4 Rh7 62. Rc5+ Kd6 63. Kc4 Rg7 64. a6 Rg8 65. Kb5
Rb8+ 66. Ka5 Ra8 67. Rc2 Rh8 68. a7 Rh1 69. Kb6 1-0

[Event "Veletrzni turnaj 2020"]
[Site "?"]
[Date "2020.08.23"]
[Round "1.8"]
[White "Snorek, Milan"]
[Black "Ulcak, Mihcael"]
[Result "1-0"]
[WhiteElo "1963"]
[BlackElo "1552"]
[PlyCount "35"]
[EventDate "2020.08.23"]
[SourceDate "2020.08.23"]

1. c4 Nf6 2. d4 g6 3. g3 Bg7 4. Bg2 O-O 5. Nc3 e6 6. e4 Re8 7. e5 Nh5 8. g4 d6
9. Qe2 Nc6 10. Bxc6 bxc6 11. gxh5 Qh4 12. hxg6 fxg6 13. Nf3 Qg4 14. Rg1 Qh5 15.
Rg5 Qh3 16. Rg3 Qh5 17. Bd2 Bb7 18. O-O-O 1-0

[Event "Veletrzni turnaj 2020"]
[Site "?"]
[Date "2020.08.23"]
[Round "1.9"]
[White "Zamarska, Dagmar"]
[Black "Pribyl, Rene"]
[Result "0-1"]
[WhiteElo "1524"]
[BlackElo "1950"]
[PlyCount "82"]
[EventDate "2020.08.23"]
[SourceDate "2020.08.23"]

1. d4 c5 2. dxc5 e6 3. Nf3 Bxc5 4. c4 Nf6 5. Bg5 Bxf2+ 6. Kxf2 Ne4+ 7. Ke1 Nxg5
8. Qd6 Nxf3+ 9. exf3 Qe7 10. c5 b6 11. Qxe7+ Kxe7 12. cxb6 axb6 13. Nc3 Ba6 14.
Rd1 Bxf1 15. Rxf1 Nc6 16. a3 d5 17. Nb5 Rhc8 18. Kf2 Ne5 19. Rd2 Rc5 20. Nd4
Rac8 21. Re1 Nc4 22. Rde2 Nd6 23. g4 g6 24. Kg3 Rc1 25. Rxc1 Rxc1 26. h3 Nc4
27. Nc6+ Kd6 28. Nd8 Ke7 29. Nc6+ Kd7 30. Nb4 Rb1 31. Nd3 Rd1 32. Nb4 g5 33.
Na2 d4 34. Nb4 d3 35. Re4 Nxb2 36. Rd4+ Ke7 37. Nc6+ Kf6 38. f4 h6 39. f5 d2
40. fxe6 fxe6 41. Nd8 Rg1+ 0-1

[Event "Veletrzni turnaj 2020"]
[Site "?"]
[Date "2020.08.23"]
[Round "1.10"]
[White "Mares, Jaroslav"]
[Black "Brychta, Jan"]
[Result "0-1"]
[WhiteElo "1947"]
[BlackElo "1490"]
[PlyCount "38"]
[EventDate "2020.08.23"]
[SourceDate "2020.08.23"]

1. c4 Nf6 2. Nc3 c5 3. g3 g6 4. Bg2 Bg7 5. e4 d6 6. Nge2 e5 7. d3 Nc6 8. h3 O-O
9. O-O Ne8 10. Bd2 f5 11. f4 Be6 12. Nd5 Qd7 13. Kh2 fxe4 14. dxe4 exf4 15.
Nexf4 Bf7 16. Rb1 Ne5 17. b3 Nc7 18. Be3 Rae8 19. Bxc5 dxc5 0-1

[Event "Veletrzni turnaj 2020"]
[Site "?"]
[Date "2020.08.23"]
[Round "1.11"]
[White "Hayrumian, Artur"]
[Black "Sikora, Lukas"]
[Result "1-0"]
[WhiteElo "1481"]
[BlackElo "1946"]
[PlyCount "61"]
[EventDate "2020.??.??"]
[SourceDate "2020.08.23"]

1. e4 e6 2. d4 d5 3. e5 c5 4. c3 Nc6 5. Nf3 Qb6 6. Bd3 Bd7 7. Bc2 cxd4 8. cxd4
Nb4 9. O-O Nxc2 10. Qxc2 Rc8 11. Nc3 Nh6 12. Bxh6 gxh6 13. Qd2 Rg8 14. Ne2 Bb5
15. Rfe1 a5 16. Rec1 Rxc1+ 17. Rxc1 Kd7 18. Qc2 Bc6 19. Qxh7 Rg7 20. Qc2 Be7
21. h4 f5 22. Nf4 Rg4 23. Nxd5 Qd8 24. Ne3 Bxf3 25. Nxg4 Be4 26. Qe2 Qg8 27. f3
Bc6 28. Nf6+ Bxf6 29. exf6 Qg6 30. Qe5 a4 31. d5 1-0

[Event "Veletrzni turnaj 2020"]
[Site "?"]
[Date "2020.08.24"]
[Round "1.12"]
[White "Stehlik, Jiri"]
[Black "Divis, Jan"]
[Result "1-0"]
[WhiteElo "1945"]
[BlackElo "1431"]
[PlyCount "79"]
[EventDate "2020.??.??"]
[SourceDate "2020.08.24"]

1. c4 c5 2. Nc3 Nc6 3. g3 e6 4. Bg2 Nf6 5. Nf3 d5 6. cxd5 exd5 7. d4 cxd4 8.
Nxd4 Nxd4 9. Qxd4 Be6 10. O-O Qd7 11. e4 dxe4 12. Qxd7+ Bxd7 13. Nxe4 Nxe4 14.
Bxe4 O-O-O 15. Bf4 Bc6 16. Rac1 Bd6 17. Bxc6 Bxf4 18. gxf4 bxc6 19. Rxc6+ Kb7
20. Rfc1 Rd7 21. R6c4 Rhd8 22. Rb4+ Ka8 23. Rc2 a6 24. Kg2 Ka7 25. Rc6 Rd6 26.
Rc7+ Ka8 27. Rxf7 Rg6+ 28. Kf3 Rb8 29. Rxb8+ Kxb8 30. f5 Rg5 31. h4 Rg1 32. f6
gxf6 33. Rxh7 Rb1 34. h5 Rxb2 35. h6 Rxa2 36. Rf7 Ra3+ 37. Kg2 Ra5 38. h7 Rg5+
39. Kf1 Rh5 40. Rf8+ 1-0

[Event "Veletrzni turnaj 2020"]
[Site "?"]
[Date "2020.08.23"]
[Round "1.13"]
[White "Habinova, Alice"]
[Black "Wunsch, Radek"]
[Result "0-1"]
[WhiteElo "1431"]
[BlackElo "1902"]
[PlyCount "26"]
[EventDate "2020.08.23"]
[SourceDate "2020.08.23"]

1. e4 Nc6 2. f4 e5 3. Nf3 f5 4. Nc3 fxe4 5. Nxe5 Nf6 6. d3 exd3 7. Bxd3 d5 8.
O-O Bc5+ 9. Kh1 O-O 10. Qf3 Nxe5 11. fxe5 Ne4 12. Qh5 Bg4 13. Rxf8+ Qxf8 0-1

[Event "Veletrzni turnaj 2020"]
[Site "?"]
[Date "2020.08.23"]
[Round "1.14"]
[White "Tokabayev, Alibek"]
[Black "Lukas, Ondrej"]
[Result "1-0"]
[WhiteElo "1896"]
[BlackElo "1393"]
[PlyCount "61"]
[EventDate "2020.08.23"]
[SourceDate "2020.08.24"]

1. d4 d5 2. Nf3 Nf6 3. Bf4 Bf5 4. c3 c6 5. e3 e6 6. Bd3 Bxd3 7. Qxd3 Bd6 8.
Nbd2 Bxf4 9. exf4 O-O 10. O-O Nbd7 11. Rfe1 Re8 12. Nf1 Qc7 13. g3 Ne4 14. Ne3
Nd6 15. b3 b5 16. c4 bxc4 17. bxc4 dxc4 18. Nxc4 Nxc4 19. Qxc4 Nb6 20. Qc2 Rad8
21. Rac1 Rd6 22. Ng5 f5 23. Qxf5 g6 24. Qe5 Nd7 25. Qe2 h6 26. Ne4 Rxd4 27. Qg4
Kg7 28. h4 h5 29. Qf3 c5 30. Qc3 Kh6 31. Qxd4 1-0

[Event "Veletrzni turnaj 2020"]
[Site "?"]
[Date "2020.08.23"]
[Round "1.15"]
[White "Kucera, David"]
[Black "Hruza, Dominik"]
[Result "1/2-1/2"]
[WhiteElo "1388"]
[BlackElo "1873"]
[PlyCount "67"]
[EventDate "2020.??.??"]
[SourceDate "2020.08.24"]

1. d4 d5 2. Bf4 Nf6 3. e3 e6 4. Nf3 c5 5. c3 Nc6 6. Bd3 Be7 7. h3 O-O 8. O-O b6
9. Nbd2 Bb7 10. Rc1 Rc8 11. Bb1 Re8 12. Re1 g6 13. Ne5 Nxe5 14. Bxe5 Nd7 15.
Bg3 Bf6 16. Nf3 e5 17. dxe5 Nxe5 18. Nxe5 Bxe5 19. Bxe5 Rxe5 20. Qa4 Bc6 21.
Qf4 Qe7 22. Red1 f6 23. a3 Kg7 24. c4 Rd8 25. cxd5 Rexd5 26. Rxd5 Bxd5 27. Rd1
Bc6 28. Rxd8 Qxd8 29. Be4 Bxe4 30. Qxe4 Qd1+ 31. Kh2 Qd6+ 32. g3 a5 33. Kg2 Qd7
34. a4 1/2-1/2

[Event "Veletrzni turnaj 2020"]
[Site "?"]
[Date "2020.08.23"]
[Round "1.16"]
[White "Marsa, Alexandr"]
[Black "Sauman, Petr"]
[Result "1-0"]
[WhiteElo "1871"]
[BlackElo "1387"]
[PlyCount "65"]
[EventDate "2020.??.??"]
[SourceDate "2020.08.23"]

1. d4 d5 2. c4 e6 3. Nc3 Nf6 4. Bg5 Nbd7 5. e3 Be7 6. Nf3 O-O 7. Qc2 a6 8. a3
h6 9. Bh4 c5 10. dxc5 Nxc5 11. Rd1 Qc7 12. Bxf6 Bxf6 13. cxd5 Bxc3+ 14. Qxc3
exd5 15. Rc1 b6 16. b4 Qe7 17. bxc5 bxc5 18. Qxc5 Qb7 19. Bd3 Be6 20. O-O Rfc8
21. Qb4 Qxb4 22. Rxc8+ Rxc8 23. axb4 Rb8 24. Nd4 Rxb4 25. Rb1 a5 26. Rxb4 axb4
27. Kf1 Bd7 28. Ke2 Ba4 29. Kd2 Kf8 30. Bc2 Bxc2 31. Kxc2 Ke7 32. Kb3 g5 33.
Nf5+ 1-0

[Event "Veletrzni turnaj 2020"]
[Site "?"]
[Date "2020.08.23"]
[Round "1.17"]
[White "Daniel, Antonin"]
[Black "Zuziak, Petr"]
[Result "0-1"]
[WhiteElo "1379"]
[BlackElo "1861"]
[PlyCount "90"]
[EventDate "2020.08.23"]
[SourceDate "2020.08.23"]

1. e4 e5 2. Nf3 Nc6 3. a3 Nf6 4. d3 d6 5. h3 g6 6. Be2 Bg7 7. Nc3 O-O 8. Bg5 h6
9. Be3 Be6 10. Qd2 Kh7 11. g4 Ng8 12. g5 h5 13. h4 Nge7 14. Nh2 d5 15. exd5
Nxd5 16. Nxd5 Qxd5 17. Bf3 Qb5 18. c3 Na5 19. a4 Qd7 20. Ra3 Rfd8 21. c4 Nc6
22. Bg2 a5 23. O-O Bf8 24. Rb3 Bb4 25. Qe2 Rab8 26. Be4 Kg7 27. f4 Nd4 28. Bxd4
Qxd4+ 29. Qf2 exf4 30. Qxd4+ Rxd4 31. Rxf4 Bd6 32. Rf3 Bxc4 33. Rxb7 Rxb7 34.
Bxb7 Bxd3 35. Bc6 Be4 36. Bxe4 Rxe4 37. Rh3 Rxa4 38. b3 Ra1+ 39. Kg2 Ra2+ 40.
Kh1 Bxh2 41. Rxh2 Rxh2+ 42. Kxh2 f6 43. gxf6+ Kxf6 44. Kg3 g5 45. hxg5+ Kxg5
0-1

[Event "Veletrzni turnaj 2020"]
[Site "?"]
[Date "2020.08.23"]
[Round "1.18"]
[White "Mencik, Pavel"]
[Black "Peska, Jan"]
[Result "1/2-1/2"]
[WhiteElo "1853"]
[BlackElo "1359"]
[PlyCount "84"]
[EventDate "2020.??.??"]
[SourceDate "2020.08.24"]

1. e4 c5 2. Bc4 e6 3. Ne2 a6 4. a4 Nc6 5. f4 d6 6. O-O Nf6 7. d3 Be7 8. h3 O-O
9. Nbc3 Bd7 10. Be3 Na5 11. Ba2 Nc6 12. Qe1 Nb4 13. Bb3 d5 14. exd5 exd5 15.
Na2 c4 16. dxc4 dxc4 17. Nxb4 cxb3 18. cxb3 Re8 19. Nc2 Nd5 20. Bd4 Bf5 21. Rc1
Rc8 22. Qd2 Bxc2 23. Rxc2 Rxc2 24. Qxc2 Bf6 25. Bxf6 Qxf6 26. Qd2 Qb6+ 27. Kh1
Ne3 28. Rf3 Nf5 29. Qd7 Qe6 30. Qxe6 Rxe6 31. Rd3 h6 32. Nc3 Kf8 33. g4 Re1+
34. Kg2 Nh4+ 35. Kf2 Re8 36. b4 Ng6 37. Kf3 Nh4+ 38. Kg3 Ng6 39. b5 a5 40. h4
h5 41. gxh5 Ne7 42. Kg4 Ng8 1/2-1/2

[Event "Veletrzni turnaj 2020"]
[Site "?"]
[Date "2020.08.24"]
[Round "1.19"]
[White "Vojtek, Pavel"]
[Black "Lukas, Frantisek"]
[Result "0-1"]
[WhiteElo "1352"]
[BlackElo "1849"]
[PlyCount "60"]
[EventDate "2020.??.??"]
[SourceDate "2020.08.24"]

1. e4 c6 2. d4 d5 3. e5 c5 4. c3 Nc6 5. Nf3 cxd4 6. cxd4 Bf5 7. Nc3 e6 8. Qb3
Qd7 9. Be2 Nge7 10. Nb5 Nc8 11. Bd2 a6 12. Nc3 Be7 13. Rc1 O-O 14. Na4 Be4 15.
Nb6 Nxb6 16. Qxb6 Rfc8 17. O-O Bd8 18. Qc5 Bxf3 19. Bxf3 Nxe5 20. Qa3 Nc4 21.
Qc3 Qb5 22. Be2 Qxb2 23. Qxb2 Nxb2 24. Rb1 Rc2 25. Bc1 Rxe2 26. Bxb2 Rc8 27.
Bc1 b6 28. Bf4 Rxa2 29. h3 h5 30. Rfc1 Rac2 0-1

[Event "Veletrzni turnaj 2020"]
[Site "?"]
[Date "2020.08.23"]
[Round "1.20"]
[White "Zeman, Arnost"]
[Black "Marcik, Filip"]
[Result "1/2-1/2"]
[WhiteElo "1842"]
[BlackElo "1264"]
[PlyCount "87"]
[EventDate "2020.??.??"]
[SourceDate "2020.08.23"]

1. d4 d5 2. Nf3 Nf6 3. h3 Bf5 4. Bf4 e6 5. c3 Nbd7 6. Nbd2 c5 7. Qb3 b6 8. e3
c4 9. Qd1 Be7 10. Nh4 Be4 11. Nxe4 Nxe4 12. Nf3 O-O 13. Qc2 b5 14. Be2 a5 15.
O-O a4 16. a3 Kh8 17. Nd2 Nxd2 18. Qxd2 g5 19. Bh2 f5 20. Bh5 Nf6 21. Be5 Bd6
22. Bxf6+ Qxf6 23. f4 Ra7 24. e4 Bxf4 25. Rxf4 gxf4 26. exd5 exd5 27. Qxf4 Re7
28. Bf3 Qe6 29. Kh1 Rfe8 30. Bh5 Rg8 31. Bf3 Qd7 32. Rf1 Rge8 33. Bh5 Re4 34.
Qxf5 Qxf5 35. Rxf5 Re1+ 36. Kh2 Rd8 37. Rf2 Kg8 38. Bf3 Kg7 39. Kg3 Re6 40. Rf1
Rf6 41. Re1 Kf7 42. Re5 Rfd6 43. Kf2 Kf6 44. h4 1/2-1/2

[Event "Veletrzni turnaj 2020"]
[Site "?"]
[Date "2020.08.23"]
[Round "1.21"]
[White "Komarek, Tobias"]
[Black "Tajovsky, Matej"]
[Result "0-1"]
[WhiteElo "1222"]
[BlackElo "1816"]
[PlyCount "88"]
[EventDate "2020.08.23"]
[SourceDate "2020.08.23"]

1. e4 c5 2. Nf3 Nc6 3. d4 cxd4 4. Nxd4 g6 5. c4 Bg7 6. Be3 Nf6 7. Nc3 d6 8. Be2
O-O 9. O-O Bd7 10. f3 Nxd4 11. Bxd4 Bc6 12. Qd2 a5 13. a3 a4 14. Rad1 Nd7 15.
Bxg7 Kxg7 16. f4 f6 17. f5 Ne5 18. fxg6 hxg6 19. Kh1 Rh8 20. Nd5 Bxd5 21. cxd5
Qd7 22. Qb4 Rh7 23. Rc1 Rah8 24. Qc3 Rxh2+ 25. Kg1 Ng4 26. Bxg4 Qxg4 27. Qf3
Qxf3 28. gxf3 Rxb2 29. Rfd1 Rb3 30. Rc7 Kf7 31. Rdc1 Rxa3 32. Rxb7 Rxf3 33.
Rcc7 Re8 34. Ra7 a3 35. Kg2 Re3 36. Rc4 Rb8 37. Rca4 Rb2+ 38. Kf1 Rc3 39. Rxe7+
Kxe7 40. Ra7+ Kd8 41. Ra8+ Kc7 42. Ra7+ Kb8 43. Ra8+ Kxa8 44. e5 Rc1# 0-1

[Event "Veletrzni turnaj 2020"]
[Site "?"]
[Date "2020.08.23"]
[Round "1.22"]
[White "Vaculik, Martin"]
[Black "Lazniewska, Zofia"]
[Result "1-0"]
[WhiteElo "1795"]
[BlackElo "1217"]
[PlyCount "51"]
[EventDate "2020.08.23"]
[SourceDate "2020.08.24"]

1. d4 d5 2. c4 e6 3. Nc3 Nf6 4. cxd5 exd5 5. Bg5 Be7 6. Qc2 c6 7. e3 O-O 8. Bd3
Nbd7 9. Nf3 Re8 10. O-O Nf8 11. h3 g6 12. Ne5 Ne6 13. Bh6 Ng7 14. Bxg7 Kxg7 15.
Rab1 Bd6 16. f4 Nd7 17. Rbe1 f5 18. Rb1 Nxe5 19. fxe5 Be7 20. b4 a6 21. a4 Be6
22. a5 Bc8 23. Na4 Rf8 24. Rf3 Be6 25. Nc5 Bxc5 26. bxc5 1-0

[Event "Veletrzni turnaj 2020"]
[Site "?"]
[Date "2020.08.23"]
[Round "1.23"]
[White "Brda, Vlastimil"]
[Black "Pelikan, Jaromir"]
[Result "0-1"]
[WhiteElo "1211"]
[BlackElo "1788"]
[PlyCount "101"]
[EventDate "2020.08.23"]
[SourceDate "2020.08.23"]

1. e4 c6 2. f4 d5 3. Nc3 dxe4 4. Nxe4 g6 5. c3 Bg7 6. Bc4 Nf6 7. Ng5 e6 8. d4
b5 9. Be2 Nbd7 10. Bf3 Bb7 11. Be3 O-O 12. Ne2 h6 13. Ne4 Nxe4 14. Bxe4 Nf6 15.
Bf3 Nd5 16. Bf2 a5 17. O-O Qc7 18. Bg3 Ne3 19. f5 Nxd1 20. Bxc7 Nxb2 21. Bd6
Rfe8 22. fxg6 fxg6 23. Nf4 Nc4 24. Bc5 Nd2 25. Rf2 Nxf3+ 26. Rxf3 Kh7 27. Re1
e5 28. dxe5 Rxe5 29. Rxe5 Bxe5 30. Ne2 Ba6 31. Nd4 b4 32. Rf7+ Kg8 33. Re7 Bf6
34. Re6 Kf7 35. Rxc6 bxc3 36. Rc7+ Ke8 37. Rh7 Rc8 38. Ne6 c2 39. Be3 c1=Q+ 40.
Bxc1 Rxc1+ 41. Kf2 Rc2+ 42. Kg1 Bc4 43. Nc7+ Kf8 44. Rd7 Rxa2 45. g3 a4 46. Na8
a3 47. Nb6 Bb5 48. Rd5 Rb2 49. Nd7+ Ke7 50. Nc5 a2 51. Rd1 0-1

[Event "Veletrzni turnaj 2020"]
[Site "?"]
[Date "2020.08.23"]
[Round "1.24"]
[White "Dvoracek, Jan Matyas"]
[Black "Karafiat, Vojtech"]
[Result "1-0"]
[WhiteElo "1761"]
[BlackElo "1179"]
[PlyCount "25"]
[EventDate "2020.08.23"]
[SourceDate "2020.08.23"]

1. Nf3 Nc6 2. d4 d5 3. Bf4 Bf5 4. a3 e6 5. e3 Bd6 6. Bg3 Nf6 7. c4 b6 8. Qa4
Qd7 9. cxd5 Bxg3 10. hxg3 Qxd5 11. Bb5 Kd7 12. Bxc6+ Qxc6 13. Ne5+ 1-0

[Event "Veletrzni turnaj 2020"]
[Site "?"]
[Date "2020.08.23"]
[Round "1.25"]
[White "Soucek, Andrej"]
[Black "Dvorakova, Olga"]
[Result "0-1"]
[WhiteElo "1098"]
[BlackElo "1758"]
[PlyCount "82"]
[EventDate "2020.08.23"]
[SourceDate "2020.08.23"]

1. e4 c6 2. d4 d5 3. exd5 cxd5 4. c4 Nf6 5. Nc3 e6 6. Nf3 Be7 7. Be2 dxc4 8.
Bxc4 O-O 9. O-O Nbd7 10. d5 Nb6 11. Bb3 Nfxd5 12. Nxd5 Nxd5 13. Bc2 Nb4 14. Bd2
Nxc2 15. Qxc2 Bd7 16. Rfd1 Bc6 17. Bc3 Bd5 18. Ne5 Rc8 19. Rd3 Bf6 20. Rh3 h6
21. Qd3 Qd6 22. Ng4 Bxc3 23. bxc3 Qf4 24. f3 Qc4 25. Qxc4 Rxc4 26. f4 Rxf4 27.
Ne5 Rc8 28. Rf1 Rxf1+ 29. Kxf1 f6 30. Ng6 Kf7 31. Nf4 Bxa2 32. Kf2 e5 33. Ne2
Bc4 34. Rh4 a5 35. Nc1 a4 36. Rh3 a3 37. Re3 a2 38. Nxa2 Bxa2 39. Re2 Bd5 40.
Rd2 Ke6 41. g3 Rxc3 0-1

[Event "Veletrzni turnaj 2020"]
[Site "?"]
[Date "2020.08.23"]
[Round "1.26"]
[White "Rehurek, Karel"]
[Black "Jiruse, Jaroslav"]
[Result "1-0"]
[WhiteElo "1755"]
[BlackElo "1864"]
[PlyCount "63"]
[EventDate "2020.08.23"]
[SourceDate "2020.08.24"]

1. e4 c5 2. Nc3 Nc6 3. g3 d6 4. Bg2 Nf6 5. d3 e6 6. Nf3 Be7 7. O-O O-O 8. Re1
a6 9. d4 e5 10. dxe5 dxe5 11. Nd5 Bg4 12. Qd3 Re8 13. Be3 Nxd5 14. exd5 Nb4 15.
Qb3 Bf5 16. Nxe5 Bxc2 17. Qc3 Bf5 18. Red1 Bf6 19. f4 Nc2 20. Rac1 Nxe3 21.
Qxe3 b6 22. d6 Ra7 23. Bc6 Re6 24. Bd5 Rxd6 25. Nc6 Rxc6 26. Bxf7+ Rxf7 27.
Rxd8+ Bxd8 28. Qe8+ Rf8 29. Qxc6 h6 30. Re1 Bd3 31. Re8 Bb5 32. Qd5+ 1-0

[Event "Veletrzni turnaj 2020"]
[Site "?"]
[Date "2020.08.23"]
[Round "1.27"]
[White "Hakl, Jaroslav"]
[Black "Neduchal, Jiri"]
[Result "0-1"]
[WhiteElo "1473"]
[BlackElo "1749"]
[PlyCount "62"]
[EventDate "2020.08.23"]
[SourceDate "2020.08.23"]

1. e4 c6 2. d4 d5 3. e5 Bf5 4. Bd3 Bxd3 5. Qxd3 e6 6. h4 Qc7 7. Nf3 c5 8. c3
Nc6 9. Be3 cxd4 10. Bxd4 Nge7 11. O-O Nf5 12. a3 Be7 13. h5 g6 14. hxg6 hxg6
15. Qe2 Kf8 16. Nh2 Ncxd4 17. cxd4 Nxd4 18. Qd3 Qxe5 19. f4 Ne2+ 20. Kh1 Qh5
21. Qh3 Qxh3 22. gxh3 Ng3+ 23. Kg2 Nxf1 24. Nxf1 Rc8 25. Nc3 Bf6 26. Nd1 Kg7
27. Rb1 Rc2+ 28. Kg3 d4 29. a4 e5 30. fxe5 Bxe5+ 31. Kg4 f5+ 0-1

[Event "Veletrzni turnaj 2020"]
[Site "?"]
[Date "2020.08.23"]
[Round "1.29"]
[White "Beinhauer, Bernard"]
[Black "Nekvasil, Radek"]
[Result "0-1"]
[WhiteElo "1094"]
[BlackElo "1735"]
[PlyCount "54"]
[EventDate "2020.??.??"]

1. d4 b6 2. Bf4 Bb7 3. e3 e6 4. Nf3 Be7 5. h3 Nf6 6. Nbd2 d6 7. Bd3 Nbd7 8. c3
c5 9. O-O O-O 10. e4 cxd4 11. cxd4 e5 12. dxe5 dxe5 13. Bxe5 Nc5 14. Bc2 Nd3
15. Bxf6 Bxf6 16. Bxd3 Qxd3 17. e5 Be7 18. Re1 Bc5 19. Rc1 Qg6 20. Nh4 Qh6 21.
Ndf3 Rad8 22. Nf5 Qf4 23. Qc2 Bxf3 24. gxf3 Rd2 25. Qe4 Bxf2+ 26. Kf1 Qh2 27.
Nh6+ gxh6 0-1

[Event "Veletrzni turnaj 2020"]
[Site "?"]
[Date "2020.08.23"]
[Round "1.31"]
[White "Lazniewski, Tadeusz"]
[Black "Prokop, Jiri"]
[Result "0-1"]
[WhiteElo "1392"]
[BlackElo "1680"]
[PlyCount "90"]
[EventDate "2020.??.??"]

1. e4 d6 2. d4 Nf6 3. Nc3 g6 4. f3 Bg7 5. Be3 O-O 6. Qd2 c6 7. g4 Qc7 8. h4 h5
9. gxh5 Nxh5 10. Nge2 a6 11. Bh3 Bxh3 12. Rxh3 Nd7 13. Ng3 Ndf6 14. Nxh5 Nxh5
15. Ne2 e5 16. O-O-O Rad8 17. Ng3 f6 18. Nxh5 gxh5 19. Rg1 Rf7 20. Rhg3 Rdd7
21. Bh6 Qd8 22. Rg6 Qf8 23. Bxg7 Rxg7 24. dxe5 fxe5 25. Qh6 Rxg6 26. Rxg6+ Rg7
27. Qxh5 Rxg6 28. Qxg6+ Qg7 29. Qg4 Kh7 30. Kd1 Qf7 31. b3 Qf4 32. h5 Qf6 33.
Ke2 Kh6 34. Ke3 d5 35. Qg6+ Qxg6 36. hxg6 d4+ 37. Kf2 Kxg6 38. Kg3 Kg5 39. b4
b6 40. a4 a5 41. bxa5 bxa5 42. Kf2 Kf4 43. Ke2 c5 44. Kf2 c4 45. Ke2 Kg3 0-1